[Event "Beth Harmon Loves A Good Knight"]
[Site "SchemingMind.com"]
[Date "2020.12.07"]
[Round "-"]
[White "Steven DuCharme"]
[Black "The Stonewall"]
[Result "0-1"]
[WhiteCountry "USA"]
[BlackCountry "ENG"]
[WhiteElo "1554"]
[WhiteRD "55"]
[BlackElo "2441"]
[BlackRD "79"]
[GameID "462986"]

1. Nf3 b6 2. g3 Bb7 3. Bg2 f5 4. O-O Nf6 5. b3 g6 6. Bb2 Bg7 7. d3 O-O 8. Nbd2 Re8 9. Re1 d6 10. a3 e5
11. e4 fxe4 12. Nxe4 Nbd7 13. Bh3 Nxe4 14. dxe4 Nc5 15. Qc1 Nxe4 16. c4 Nxg3 17. hxg3 Bxf3 18. Qe3 Qf6 19. Bg2 Bxg2 20. Kxg2 Qf7
21. Qe4 Rf8 22. f4 exf4 23. Bxg7 Kxg7 24. gxf4 Qxf4 25. Qxf4 Rxf4 26. Re7+ Rf7 27. Rae1 Rf8
0-1

[Event "Beth Harmon Loves A Good Knight"]
[Site "SchemingMind.com"]
[Date "2020.12.07"]
[Round "-"]
[White "The Stonewall"]
[Black "Steven DuCharme"]
[Result "1-0"]
[WhiteCountry "ENG"]
[BlackCountry "USA"]
[WhiteElo "2441"]
[WhiteRD "79"]
[BlackElo "1554"]
[BlackRD "55"]
[GameID "462987"]

1. d4 Nf6 2. Nf3 g6 3. Nc3 d5 4. Bf4 c6 5. Qd2 Bg7 6. Bh6 O-O 7. Bxg7 Kxg7 8. e3 Nbd7 9. Be2 Re8 10. Ne5 Nf8
11. O-O-O e6 12. h4 h5 13. g4 a5 14. gxh5 a4 15. hxg6 Nxg6 16. Rdg1 Kh7 17. Bd3
1-0

[Event "Beth Harmon Loves A Good Knight"]
[Site "SchemingMind.com"]
[Date "2020.12.08"]
[Round "-"]
[White "Steven DuCharme"]
[Black "JAHI"]
[Result "0-1"]
[WhiteCountry "USA"]
[BlackCountry "INT"]
[WhiteElo "1554"]
[WhiteRD "55"]
[BlackElo "2127"]
[BlackRD "71"]
[GameID "463002"]

1. Nf3 d6 2. e4 Bg4 3. h3 Bxf3 4. Qxf3 Nd7 5. d4 g6 6. Bc4 e6 7. O-O Bg7 8. c3 h6 9. a3 h5 10. b4 h4
11. Nd2 Qe7 12. Re1 Nh6 13. Bb2 Kf8 14. e5 d5 15. Bd3 Kg8 16. g4 hxg3 17. Qxg3 Re8 18. f4 Nf5 19. Bxf5 exf5 20. c4 c6
21. c5 Nf8 22. Nf3 Ne6 23. Kg2 Rh5 24. h4 Bh6 25. Ng5 Bxg5 26. hxg5 Nxg5 27. fxg5 Rxg5 28. Bc1 Rxg3+ 29. Kxg3 g5 30. Ra2 f4+
31. Bxf4 gxf4+ 32. Kxf4 Qh4+ 33. Kf5 Qxe1 34. Kf6 Re6+
0-1

[Event "Beth Harmon Loves A Good Knight"]
[Site "SchemingMind.com"]
[Date "2020.12.07"]
[Round "-"]
[White "JAHI"]
[Black "Steven DuCharme"]
[Result "1-0"]
[WhiteCountry "INT"]
[BlackCountry "USA"]
[WhiteElo "2127"]
[WhiteRD "71"]
[BlackElo "1554"]
[BlackRD "55"]
[GameID "463003"]

1. c3 e5 2. c4 Nf6 3. Nc3 d5 4. cxd5 Nxd5 5. g3 Be6 6. Bg2 c6 7. d3 Bb4 8. Bd2 Nxc3 9. bxc3 Ba5 10. Kf1 O-O
11. h3 f5 12. h4 Nd7 13. h5 h6 14. Qc2 Rc8 15. Re1 b5 16. f3 Nc5 17. f4 Na4 18. Nf3 e4 19. Nd4 Qf6 20. dxe4 fxe4
21. Nxe6 Qxe6 22. Bh3 Qf6 23. Bxc8 Rxc8 24. c4 Bxd2 25. Qxd2 Rd8 26. Qa5 g5 27. hxg6 Kg7 28. Qc7+ Kxg6 29. Kg2 bxc4 30. Rxh6+
1-0

[Event "Beth Harmon Loves A Good Knight"]
[Site "SchemingMind.com"]
[Date "2020.12.12"]
[Round "-"]
[White "The Stonewall"]
[Black "JAHI"]
[Result "1-0"]
[WhiteCountry "ENG"]
[BlackCountry "INT"]
[WhiteElo "2442"]
[WhiteRD "72"]
[BlackElo "2088"]
[BlackRD "75"]
[GameID "463004"]

1. d4 d6 2. Nf3 g6 3. Nc3 Bg7 4. e4 Bg4 5. Be3 Nd7 6. Qd2 Bxf3 7. gxf3 e6 8. O-O-O a6 9. h4 h6 10. h5 g5
11. f4 gxf4 12. Bxf4 Qe7 13. Rg1 Bf8 14. Bd3 Kd8 15. Be2 Kc8 16. Be3 Kb8 17. f4 Ngf6 18. Bf2 Ne8 19. Qd3 c6 20. Qh3 Nc7
21. d5 Qe8 22. dxc6 bxc6 23. Rg3 c5 24. Na4 Ra7 25. Rb3+ Rb7 26. e5 d5 27. c4 Be7 28. cxd5 exd5 29. Rxb7+ Kxb7 30. Qb3+ Ka7
31. Bg4 Nb8 32. Nxc5 Qc6 33. Kb1 Bxc5 34. Rc1 Bxf2 35. Rxc6 Nxc6 36. Qc2 Kb7 37. Qxf2 a5 38. Qc5 Rg8 39. Bf3 Rd8 40. Bg2 a4
41. a3 Re8 42. Bxd5 Nxd5 43. Qxd5 Re7 44. Qd1 f6 45. exf6 Rf7 46. Qd6 Rh7 47. Qe6 Kb6 48. f7 Rh8 49. Qd6 Kb5 50. f8=Q Rxf8
51. Qxf8 Kc4 52. Qxh6 Kd5 53. Qg7 Kd6 54. h6 Nb8 55. Qe5+ Kd7 56. Qxb8 Kc6 57. Qe5 Kb7 58. Qd6 Ka7 59. h7 Kb7 60. h8=Q Ka7
61. Qg7+ Ka8 62. Qdf8#
1-0

[Event "Beth Harmon Loves A Good Knight"]
[Site "SchemingMind.com"]
[Date "2020.12.12"]
[Round "-"]
[White "JAHI"]
[Black "The Stonewall"]
[Result "0-1"]
[WhiteCountry "INT"]
[BlackCountry "ENG"]
[WhiteElo "2088"]
[WhiteRD "75"]
[BlackElo "2442"]
[BlackRD "72"]
[GameID "463005"]

1. c3 f5 2. c4 Nf6 3. Nc3 e5 4. g3 Bb4 5. a3 Bxc3 6. dxc3 Qe7 7. Bg5 O-O 8. Bg2 d6 9. h3 Nbd7 10. h4 c6
11. h5 h6 12. Bxf6 Qxf6 13. Nh3 a5 14. a4 Nc5 15. Kf1 f4 16. gxf4 Bxh3 17. Rxh3 Qxf4 18. Rf3 Qh4 19. Qxd6 Ne4 20. Qe6+ Kh8
21. Kg1 Rxf3 22. exf3 Qxf2+ 23. Kh2 Qxb2 24. Re1 Ng5 25. Qf5 Re8 26. c5 Kg8 27. Qd3 Qf2 28. Qc4+ Kh8 29. Rf1 Qe3 30. f4 Nh7
31. Rf3 Qe1 32. Qf7 Nf6 33. Rg3 Rg8 34. fxe5 Qxe5 35. Bf3 Qxc5 36. c4 b5 37. cxb5 cxb5 38. axb5 Qxb5 39. Qc7 a4 40. Qe7 Qa5
41. Rg2 Qc3 42. Rg3 Qd2+ 43. Kh3 Qa5 44. Bg4 Re8 45. Qf7 Qe5 46. Bd1 Ne4 47. Qxg7+ Qxg7 48. Rxg7 Kxg7 49. Bxa4 Ng5+ 50. Kg2 Re4
51. Bc6 Re6 52. Bd5 Re5 53. Bc6 Ne6 54. Bf3 Nf4+ 55. Kg3 Nxh5+ 56. Kg4 Nf6+ 57. Kf4 Ra5 58. Be2 Nd5+ 59. Kg4 Kf6 60. Bf3 Ra4+
61. Kg3 Ra3 62. Kf2 Ke5 63. Be2 Kf4 64. Kf1 Ke3 65. Bb5 Nf4 66. Kg1 Kf3 67. Kh2 Ra2+ 68. Kg1 Nh3+ 69. Kh1 Kg3 70. Be2 Ra1+
71. Bf1 Rxf1#
0-1

[Event "Beth Harmon Loves A Good Knight"]
[Site "SchemingMind.com"]
[Date "2020.12.08"]
[Round "-"]
[White "Steven DuCharme"]
[Black "Transcendent"]
[Result "0-1"]
[WhiteCountry "USA"]
[BlackCountry "ENG"]
[WhiteElo "1571"]
[WhiteRD "55"]
[BlackElo "1984"]
[BlackRD "68"]
[GameID "463008"]

1. g3 e5 2. Bg2 d5 3. Nc3 d4 4. Nb1 f5 5. d3 Nf6 6. a3 c5 7. Nf3 Nc6 8. O-O Bd6 9. b3 O-O 10. Bb2 e4
11. Ne1 Qe7 12. dxe4 fxe4 13. e3 Bf5 14. Nd2 Rad8 15. Nc4 Bc7 16. Qc1 b5 17. Nd2 dxe3 18. fxe3 Ng4 19. Nb1 Bg6 20. Rxf8+ Qxf8
21. Nc3 Qf2+ 22. Kh1 Bxg3 23. h3 Nxe3
0-1

[Event "Beth Harmon Loves A Good Knight"]
[Site "SchemingMind.com"]
[Date "2020.12.07"]
[Round "-"]
[White "Transcendent"]
[Black "Steven DuCharme"]
[Result "1-0"]
[WhiteCountry "ENG"]
[BlackCountry "USA"]
[WhiteElo "1677"]
[WhiteRD "115"]
[BlackElo "1581"]
[BlackRD "62"]
[GameID "463009"]

1. e4 c6 2. d4 d5 3. Nd2 dxe4 4. Nxe4 Nf6 5. Nxf6+ exf6 6. c3 Be7 7. Bd3 O-O 8. Qc2 g6 9. h4 Re8 10. h5 Bf8+
11. Be3 Bh6 12. hxg6 Bxe3 13. gxf7+ Kxf7 14. Rxh7+ Kg8 15. Bc4+
1-0

[Event "Beth Harmon Loves A Good Knight"]
[Site "SchemingMind.com"]
[Date "2020.12.07"]
[Round "-"]
[White "The Stonewall"]
[Black "Transcendent"]
[Result "1-0"]
[WhiteCountry "ENG"]
[BlackCountry "ENG"]
[WhiteElo "2508"]
[WhiteRD "75"]
[BlackElo "1984"]
[BlackRD "68"]
[GameID "463010"]

1. e4 e6 2. b3 d5 3. Bb2 dxe4 4. Nc3 Nf6 5. Qe2 Bb4 6. O-O-O Qe7 7. Nxe4 Nbd7 8. Nf3 Ba3 9. Nxf6+ Nxf6 10. Qb5+ c6
11. Qa4 Bxb2+ 12. Kxb2 O-O= 13. Bd3 h6 14. Rhe1 b5 15. Qh4 a5 16. Ne5 Qd6 17. c3 a4 18. b4 a3+ 19. Ka1 c5 20. g4 cxb4
21. g5 hxg5 22. Qxg5 Nd7 23. Qh4 f5 24. Ng6 bxc3 25. Ne7+ Kf7 26. Bxf5 Nf6 27. Nxc8 Raxc8 28. Bxe6+ Qxe6 29. Rxe6 Kxe6 30. Qh3+ Kf7
31. dxc3
1-0

[Event "Beth Harmon Loves A Good Knight"]
[Site "SchemingMind.com"]
[Date "2020.12.07"]
[Round "-"]
[White "Transcendent"]
[Black "The Stonewall"]
[Result "0-1"]
[WhiteCountry "ENG"]
[BlackCountry "ENG"]
[WhiteElo "2049"]
[WhiteRD "72"]
[BlackElo "2405"]
[BlackRD "74"]
[GameID "463011"]

1. d4 e6 2. c4 Bb4+ 3. Bd2 a5 4. g3 d5 5. Nf3 dxc4 6. Bg2 Nc6 7. e3 Nf6 8. O-O O-O 9. Qe2 Qe7 10. Qxc4 e5
11. d5 Nb8 12. e4 Na6 13. Re1 c6 14. Nc3 Bg4 15. Rad1 Rac8 16. Qe2 Rfe8 17. h3 Bd7 18. a3 Bc5 19. Nh4 cxd5 20. exd5 Qd6
21. Be3= Bxa3 22. Nb5 Bxb5 23. Qxb5 Bb4 24. Nf5 Qd7 25. Qxd7 Nxd7 26. Bd2 Rc5 27. f4 f6 28. Bxb4 Nxb4 29. Nd6 Rb8 30. Re2 b5
31. fxe5 Nxe5 32. Red2 Kf8 33. Ne4 Rc2 34. Rxc2 Nxc2 35. d6 Ne3 36. Rc1 b4 37. b3 Nxg2 38. Kxg2 h6 39. Nc5 Ke8 40. Rd1 Rc8
41. Rd5 Nd7 42. Ne6 Rc2+ 43. Kf3 Ne5+ 44. Kf4 g6 45. d7+ Nxd7 46. Rxa5 Rc3 47. Nd4 g5+ 48. Kg4 Kf7 49. Nf5 Rxb3 50. Rb5 Rb1
51. Rb7 Ke6 52. Ng7+ Ke7 53. Nf5+ Kd8 54. Nd4 Ke7 55. Nc6+ Kd6 56. Rxb4 Rg1 57. Nd4 Ne5+ 58. Kh5 Kc5 59. Ra4 Rxg3 60. Kxh6 Rxh3+
61. Kg7 Nd7
0-1

[Event "Beth Harmon Loves A Good Knight"]
[Site "SchemingMind.com"]
[Date "2020.12.07"]
[Round "-"]
[White "Transcendent"]
[Black "JAHI"]
[Result "1-0"]
[WhiteCountry "ENG"]
[BlackCountry "INT"]
[WhiteElo "2051"]
[WhiteRD "69"]
[BlackElo "1996"]
[BlackRD "73"]
[GameID "463012"]

1. d4 d6 2. c4 g6 3. g3 Bg7 4. Bg2 a6 5. Nf3 a5 6. Nc3 Kf8 7. O-O h6 8. e4 Bg4 9. h3 Bxf3 10. Bxf3 Nd7
11. Be3 h5 12. Bg2 h4 13. g4 e6 14. Qd2 Ne7 15. f4 Kg8 16. Rac1 b6 17. e5 Rc8 18. Nb5 Nf8 19. d5 dxe5 20. fxe5 Bxe5
21. Na7 Ra8 22. Nb5 Rc8 23. Bf4 Bxf4 24. Qxf4 Rh7 25. Rcd1 exd5 26. cxd5 Qd7 27. a4 Rg7= 28. d6 Ne6 29. dxe7 Qxe7 30. Qe5 Qc5+
31. Qxc5 Nxc5 32. Nc3 Rf8 33. Bd5 Kh7 34. g5 Kh8 35. Rf6 Rh7 36. Rdf1 Nd7 37. Rxf7 Rhxf7 38. Rxf7 Rxf7 39. Bxf7 Ne5 40. Be8 Nf3+
41. Kg2 Nxg5 42. Bxg6 Kg7 43. Bd3 c6 44. Bf5 b5 45. axb5 cxb5 46. Nxb5 Kf6 47. Bc2 Ke5 48. Bb3 Ne4 49. Nc3 Nd2 50. Ba2 Kd4
51. Kf2 Nc4 52. Bxc4 Kxc4 53. Nb1 Kb3 54. Nd2+ Kxb2 55. Nc4+ Kc3 56. Nxa5 Kd3 57. Kf3 Kd4 58. Kg4 Ke5 59. Kxh4 Kf4 60. Nc6 Kf5
61. Kg3 Ke4 62. Kg4 Kd5 63. Kf5 Kxc6 64. Ke6 Kc7 65. h4 Kd8 66. Kf7 Kc7 67. h5 Kc6 68. h6 Kd5 69. h7 Kd4 70. h8=Q+ Kc4
71. Qd8 Kb4 72. Qd5 Kc3 73. Ke6 Kb4 74. Ke5 Kc3 75. Qd4+ Kb3 76. Qc5 Kb2 77. Kd4 Kb3 78. Qc4+ Kb2 79. Qc3+ Kb1 80. Qd2 Ka1
81. Kc3 Kb1 82. Qb2#
1-0

[Event "Beth Harmon Loves A Good Knight"]
[Site "SchemingMind.com"]
[Date "2020.12.08"]
[Round "-"]
[White "JAHI"]
[Black "Transcendent"]
[Result "1-0"]
[WhiteCountry "INT"]
[BlackCountry "ENG"]
[WhiteElo "2003"]
[WhiteRD "66"]
[BlackElo "2049"]
[BlackRD "72"]
[GameID "463013"]

1. c3 Nf6 2. c4 e5 3. Nc3 Bb4 4. a3 Bxc3 5. dxc3 d6 6. Bg5 h6 7. Bxf6 Qxf6 8. g3 Be6 9. Bg2 Nd7 10. b3 O-O-O
11. a4 g5 12. a5 a6 13. Nf3 Qg6 14. Nd2 f5 15. b4 h5 16. Bd5 e4 17. Qb1 Bxd5 18. cxd5 h4 19. Rf1 Qf6 20. Ra3 hxg3
21. hxg3 e3 22. fxe3 Qe5 23. Qxf5 Qxg3+ 24. Qf2 Qe5 25. e4 Rhf8 26. Qg1 Rxf1+ 27. Qxf1 g4 28. Kd1 Rf8 29. Qg2 g3 30. c4 Rg8
31. Kc2 Nf6 32. Rf3 Qd4 33. e3 Qe5 34. Kb3 Kb8 35. Rf5 Qe7 36. Rf4 Qg7 37. Rh4 Qe7 38. Rf4 Ka7 39. Rf1 Nd7 40. Rg1 Qg5
41. Nf1 Nf6 42. Kc2 Qe5 43. Nd2 Rg4 44. Kd3 Qb2 45. Qf1 Qa3+ 46. Ke2 Nxe4 47. Qf5 Qb2 48. Kf3 Nf2 49. Rxg3 Rxg3+ 50. Kxg3 Nh1+
51. Kg2 Qxd2+ 52. Kxh1 Qxb4 53. Kg2 Qxa5 54. Qd3 Qb4 55. Kf3 a5 56. e4 a4 57. e5 dxe5 58. Qe3+ b6 59. Qxe5 Qxc4 60. d6 Qc6+
61. Kg4 Qxd6 62. Qb5 Qd4+ 63. Kg3 Qc3+ 64. Kh4
1-0

[Event "Beth Harmon Loves A Good Knight"]
[Site "SchemingMind.com"]
[Date "2020.12.16"]
[Round "-"]
[White "Steven DuCharme"]
[Black "Derek Price"]
[Result "0-1"]
[WhiteCountry "USA"]
[BlackCountry "ENG"]
[WhiteElo "1554"]
[WhiteRD "55"]
[BlackElo "2249"]
[BlackRD "74"]
[GameID "463472"]

1. b3 e5 2. Bb2 Nc6 3. g3 d5 4. Bg2 Nf6 5. d3 Bc5 6. Nf3 Qe7 7. O-O e4 8. dxe4 dxe4 9. Ng5 h6 10. Bxf6 Qxf6
11. Nxe4 Bxf2+ 12. Rxf2 Qxa1 13. Nbc3 Qxd1+ 14. Nxd1 Nb4 15. Nc5 Rb8 16. e4 Nxa2 17. c3 b6 18. Nd3 Ba6 19. N3b2 Nc1 20. b4 Rd8
21. Rc2 Nd3 22. Nxd3 Bxd3 23. Rd2 Bb5 24. Rxd8+ Kxd8 25. Kf2 a5 26. bxa5 bxa5 27. Ke3 Ke7 28. h4 a4
0-1

[Event "Beth Harmon Loves A Good Knight"]
[Site "SchemingMind.com"]
[Date "2020.12.15"]
[Round "-"]
[White "Derek Price"]
[Black "Steven DuCharme"]
[Result "1-0"]
[WhiteCountry "ENG"]
[BlackCountry "USA"]
[WhiteElo "2249"]
[WhiteRD "74"]
[BlackElo "1554"]
[BlackRD "55"]
[GameID "463473"]

1. c4 e5 2. Nc3 Nc6 3. g3 Nf6 4. Bg2 Be7 5. Nf3 O-O 6. O-O a6 7. d4 exd4 8. Nxd4 Nxd4 9. Qxd4 c5 10. Qd3 Re8
11. Bf4 d6 12. Rfd1 h6 13. Bxd6 Bxd6 14. Qxd6 Qxd6 15. Rxd6 Rb8 16. Rad1 Be6 17. b3 b5 18. Bc6 Rec8 19. cxb5 axb5 20. Bxb5 g6
21. e3 Ne8 22. Bxe8 Rxe8 23. Nd5 Kg7 24. Nc7 Re7 25. Nxe6+ fxe6 26. Rc6 Ra8 27. Rd2 Ra5 28. a4 Kf6 29. Rc2 Rb7 30. Rc3 h5
31. Kg2 g5 32. h4 g4 33. R6xc5 Rxc5 34. Rxc5 e5 35. Rb5
1-0

[Event "Beth Harmon Loves A Good Knight"]
[Site "SchemingMind.com"]
[Date "2020.12.20"]
[Round "-"]
[White "Derek Price"]
[Black "The Stonewall"]
[Result "0-1"]
[WhiteCountry "ENG"]
[BlackCountry "ENG"]
[WhiteElo "2214"]
[WhiteRD "68"]
[BlackElo "2405"]
[BlackRD "74"]
[GameID "463474"]

1. c4 f5 2. g3 Nf6 3. Bg2 e5 4. Nc3 d6 5. d3 Be7 6. e4 c6 7. Nge2 O-O 8. O-O Na6 9. h3 Qe8 10. exf5 Bxf5
11. g4 Be6 12. f4 Rd8 13. Ng3 exf4 14. Bxf4 d5 15. Qe2 Bc5+ 16. Kh1 dxc4 17. dxc4 Bd4 18. Rae1 Bxc3 19. bxc3 Nc5 20. Be5 Bf7
21. Nf5 Nd3 22. Bxf6 Qxe2 23. Rxe2 gxf6 24. Re7 Nc5 25. Nh6+ Kg7 26. g5 Rd7 27. Rxf6 Rxe7 28. Nf5+ Kh8 29. Nxe7 Kg7 30. Nf5+ Kg8
31. Nd6 Bg6 32. Kg1 Kg7 33. Rxf8 Kxf8 34. h4 a5 35. Nc8 Bf5 36. Nb6 Ke7 37. Bf3 Kd6 38. Bd1 Bb1 39. a3 Ne4 40. Bg4 Nxc3
41. h5 Kc5 42. Nd7+ Kxc4 43. Be6+ Nd5 44. Nf8 Kd4 45. g6 hxg6 46. hxg6 Ne7 47. g7 b5 48. Kf2 Bc2 49. Ke2 Kc3 50. Nd7 a4
51. Nc5 Bb3 52. Bh3 Kb2 53. Kd3 Kxa3 54. Bg2 Bg8 55. Be4 Kb2 56. Kd4 a3 57. Nd3+ Kc2 58. Kc5 a2 59. Nb4+ Kc3 60. Nxa2+ Bxa2
61. Kd6 Ng8
0-1

[Event "Beth Harmon Loves A Good Knight"]
[Site "SchemingMind.com"]
[Date "2020.12.20"]
[Round "-"]
[White "The Stonewall"]
[Black "Derek Price"]
[Result "1-0"]
[WhiteCountry "ENG"]
[BlackCountry "ENG"]
[WhiteElo "2405"]
[WhiteRD "74"]
[BlackElo "2214"]
[BlackRD "68"]
[GameID "463475"]

1. e4 c5 2. Nf3 d6 3. c3 Nf6 4. h3 Nc6 5. Bd3 d5 6. e5 Nd7 7. Bb5 Qa5 8. Bxc6 bxc6 9. d3 e6 10. O-O Be7
11. Re1 Ba6 12. b3 Rd8 13. Qc2 Nf8 14. c4 Ng6 15. Nc3 O-O 16. Bb2 Nh4 17. Nxh4 Bxh4 18. Rad1 Rd7 19. Na4 Be7 20. f4 Rfd8
21. Bc3 Qc7 22. Qe2 g6 23. Rf1 Bb7 24. g4 Bf8 25. Qe1 Rb8 26. Ba5 Qc8 27. f5 Qe8 28. f6 Rc8 29. Qf2 Ba6 30. Kg2 h6
31. Kg3 Kh7 32. Nxc5 Bxc5 33. Qxc5 Qf8 34. Qxf8 Rxf8 35. Bb4 Rfd8 36. Bd6 dxc4 37. bxc4 Rb7 38. Rb1 Rdd7 39. Rb3 Rxb3 40. axb3 g5
41. Ra1 Bc8 42. b4 a6 43. Kf3 Kg6 44. Ke3 h5 45. Kd4 Rd8 46. Kc5 Bb7 47. Kb6 Rd7 48. Ra3 hxg4 49. hxg4 c5 50. bxc5 Bf3
51. c6 Rd8 52. c7 Rh8 53. Be7 Ra8 54. Rxa6 Rc8 55. Ra7 Kh6 56. Rb7 Bxg4 57. Rb8 Rxc7 58. Kxc7 Kg6 59. c5 Bf3 60. c6 g4
61. Kd7 Bxc6+ 62. Kxc6 Kf5 63. Rf8 Kg6 64. Rg8+ Kf5 65. Rg7 Kxe5 66. Rxf7
1-0

[Event "Beth Harmon Loves A Good Knight"]
[Site "SchemingMind.com"]
[Date "2020.12.15"]
[Round "-"]
[White "Derek Price"]
[Black "Transcendent"]
[Result "1/2-1/2"]
[WhiteCountry "ENG"]
[BlackCountry "ENG"]
[WhiteElo "2181"]
[WhiteRD "72"]
[BlackElo "2041"]
[BlackRD "67"]
[GameID "463476"]

1. c4 e5 2. Nc3 Bb4 3. Nd5 Bc5 4. Nf3 c6 5. Nc3 d6 6. e3 Qe7 7. d4 exd4 8. Nxd4 Nf6 9. Be2 O-O 10. O-O d5
11. cxd5 cxd5 12. Nb3 Bd6 13. Nxd5 Nxd5 14. Qxd5 Rd8 15. Qh5 g6 16. Qh6 Be5 17. e4 Bf6 18. Qe3 a5 19. a4 Nc6 20. f4 Be6
21. e5 Bg7 22. Nc5 Bf5= 23. Ne4 Qb4 24. Ng3 Bc2 25. Qa3 Bf8 26. Qxb4 Bxb4 27. Be3 Ne7 28. Rfc1 Rac8 29. Bg4 Rc7 30. Bb6 Bc5+
31. Bxc5 Rxc5 32. Ne4 Rc4= 33. g3 Rxe4 34. Rxc2 Nc6 35. Bf3 Rb4 36. Bxc6 bxc6 37. Ra2 Rdd4 38. Kg2 Rxa4 39. Rxa4 Rxa4 40. Rxc6 Rb4
41. Rc2 Rb3 42. Kh3 Kg7 43. Kh4 h6 44. h3 a4 45. Rc4 Rxb2 46. Rxa4 Rb6= 47. Ra7 Kf8 48. Kg4 Rb3 49. Rc7 Ra3 50. Kh4 Kg7
51. e6 Re3 52. exf7 Kf8 53. Kg4 Kg7 54. Rd7 Ra3 55. Kh4 Rc3 56. Rb7 Rd3=
1/2-1/2

[Event "Beth Harmon Loves A Good Knight"]
[Site "SchemingMind.com"]
[Date "2020.12.16"]
[Round "-"]
[White "Transcendent"]
[Black "Derek Price"]
[Result "1/2-1/2"]
[WhiteCountry "ENG"]
[BlackCountry "ENG"]
[WhiteElo "2009"]
[WhiteRD "64"]
[BlackElo "2236"]
[BlackRD "79"]
[GameID "463477"]

1. e4 c5 2. Nf3 d6 3. d4 cxd4 4. Nxd4 Nf6 5. Nc3 a6 6. Bg5 e6 7. f4 Be7 8. Qf3 Qc7 9. O-O-O Nbd7 10. g4 b5
11. Bxf6 Nxf6 12. g5 Nd7 13. f5 O-O 14. h4 b4 15. Nce2 Bb7 16. Bg2 Rac8 17. fxe6 fxe6 18. Qh3 e5 19. Qe6+ Kh8 20. Qxe7 exd4
21. Nxd4 Rce8 22. Ne6 Qxc2+ 23. Kxc2 Rf2+ 24. Rd2 Rxd2+ 25. Kxd2 Rxe7 26. Bh3 Bxe4 27. Rc1 Nb6 28. Rf1 h6 29. Ke3 Bg6 30. Kd4=
1/2-1/2

[Event "Beth Harmon Loves A Good Knight"]
[Site "SchemingMind.com"]
[Date "2020.12.15"]
[Round "-"]
[White "Derek Price"]
[Black "JAHI"]
[Result "1-0"]
[WhiteCountry "ENG"]
[BlackCountry "INT"]
[WhiteElo "2207"]
[WhiteRD "67"]
[BlackElo "2052"]
[BlackRD "72"]
[GameID "463478"]

1. c4 d6 2. d4 g6 3. Nc3 Bg7 4. e4 a6 5. Be3 a5 6. Nf3 Bg4 7. Be2 Bxf3 8. Bxf3 Nd7 9. O-O h6 10. Qa4 e6
11. c5 Ne7 12. cxd6 cxd6 13. Nb5 d5 14. Nd6+ Kf8 15. Rac1 Nb6 16. Qa3 dxe4 17. Bxe4 Nbd5 18. Nxb7 Qb6 19. Bxd5 exd5 20. Nd6 Bf6
21. Rfd1 Kg7 22. Bf4 Bg5 23. Qf3 Rhf8 24. Bxg5 hxg5 25. Qg3 Rfd8 26. Qe5+ Kg8 27. Qxe7 Rxd6 28. b3 g4 29. Qe2 a4 30. bxa4 Re6
31. Qxg4 Kg7 32. Qf3 Rxa4 33. Qxd5 Re2 34. Rd3 Raxa2 35. Rf3 Qe6 36. Qxe6 Rxe6 37. g3 f6 38. Rc7+ Kh6 39. d5 Re1+ 40. Kg2 f5
41. Rf4 Re4 42. Rxe4 fxe4 43. Re7 Rd2 44. Rxe4 Rxd5 45. Re7 g5 46. Re4 Kg6 47. h4 Kf5 48. Rc4 gxh4 49. Rxh4 Rd2 50. Rf4+ Kg5
51. Kh3 Rd6 52. Rh4 Kf5 53. Rh5+ Kg6 54. Rb5 Kf7 55. g4 Rh6+ 56. Kg3 Rh1 57. f4 Kg6 58. Rb6+ Kg7 59. f5 Rf1 60. Kh4 Rd1
61. Kg5 Rd7 62. f6+ Kf7 63. Rb5 Rd8 64. Kf5 Rb8 65. Re5 Kf8 66. g5 Rb1 67. Ra5 Rf1+ 68. Kg6 Ke8 69. Ra7 Rf4 70. Kg7 Kd8
71. f7 Kc8 72. f8=Q+ Rxf8 73. Kxf8 Kb8 74. Re7 Ka8 75. Kf7 Kb8 76. g6 Ka8 77. g7 Kb8 78. g8=Q#
1-0

[Event "Beth Harmon Loves A Good Knight"]
[Site "SchemingMind.com"]
[Date "2020.12.16"]
[Round "-"]
[White "JAHI"]
[Black "Derek Price"]
[Result "1-0"]
[WhiteCountry "INT"]
[BlackCountry "ENG"]
[WhiteElo "2088"]
[WhiteRD "75"]
[BlackElo "2181"]
[BlackRD "72"]
[GameID "463479"]

1. c3 Nf6 2. c4 g6 3. Nc3 Bg7 4. g3 O-O 5. Bg2 d6 6. h3 c6 7. h4 Be6 8. d3 d5 9. cxd5 cxd5 10. h5 Nc6
11. h6 Bh8 12. Kf1 Rc8 13. f3 d4 14. Ne4 Nxe4 15. fxe4 Be5 16. Bf4 Bxf4 17. gxf4 Nb4 18. Rc1 Rxc1 19. Qxc1 Qd6 20. f5 Rc8
21. Qg5 f6 22. Qg4 Bd7 23. Nf3 Rc1+ 24. Kf2 Rc2 25. Rd1 Nxa2 26. Nh4 g5 27. Nf3 Kf8 28. e5 Qc5 29. Qxd4 Qxd4+ 30. Nxd4 Rxb2
31. Ra1 Nb4 32. Rxa7 Nxd3+ 33. Kg3 Nf4 34. Ra8+ Be8 35. Bf3 Rb6 36. Ne6+ Nxe6 37. fxe6 Rb3 38. Kg2 Rxf3 39. Kxf3 f5 40. Rb8
1-0

[Event "Beth Harmon Loves A Good Knight"]
[Site "SchemingMind.com"]
[Date "2020.12.25"]
[Round "-"]
[White "Steven DuCharme"]
[Black "Robert Bruce"]
[Result "0-1"]
[WhiteCountry "USA"]
[BlackCountry "SCO"]
[WhiteElo "1554"]
[WhiteRD "55"]
[BlackElo "2447"]
[BlackRD "76"]
[GameID "463666"]

1. c4 e5 2. g3 Nc6 3. Bg2 Nf6 4. Nc3 Bc5 5. e3 d6 6. Nge2 a6 7. O-O O-O 8. Bxc6 bxc6 9. d4 Ba7 10. dxe5 dxe5
11. Qxd8 Rxd8 12. Rd1 Rxd1+ 13. Nxd1 Bg4 14. Kf1 Bc5 15. Ndc3 Rd8 16. Ng1 Bb4 17. h3 Be6 18. a3 Bxc3 19. bxc3 Ne4 20. Kg2 f6
21. Bb2 Rd2
0-1

[Event "Beth Harmon Loves A Good Knight"]
[Site "SchemingMind.com"]
[Date "2020.12.25"]
[Round "-"]
[White "Robert Bruce"]
[Black "Steven DuCharme"]
[Result "1-0"]
[WhiteCountry "SCO"]
[BlackCountry "USA"]
[WhiteElo "2463"]
[WhiteRD "71"]
[BlackElo "1571"]
[BlackRD "55"]
[GameID "463667"]

1. d4 Nf6 2. c4 g6 3. g3 c6 4. Bg2 Bg7 5. Nc3 O-O 6. e4 d6 7. Nf3 Bg4 8. h3 Bxf3 9. Bxf3 Nbd7 10. Be3 a6
11. O-O Rc8 12. c5 b5 13. cxb6 Nxb6 14. Qe2 a5 15. Rac1 e5 16. dxe5 dxe5 17. Qa6 Nfd7 18. Rfd1 Ra8 19. Qb7 Qc8 20. Qxc8 Rfxc8
21. Bg4 Rc7 22. Nb5 Rb7 23. Rxc6 h5 24. Nd6 Rbb8 25. Be2 Bf8 26. Rc7 Bxd6 27. Rxd6 Kg7 28. a4 f6 29. Bxb6 Rxb6 30. Rdxd7+ Kh8
31. Bc4
1-0

[Event "Beth Harmon Loves A Good Knight"]
[Site "SchemingMind.com"]
[Date "2020.12.25"]
[Round "-"]
[White "Derek Price"]
[Black "Robert Bruce"]
[Result "0-1"]
[WhiteCountry "ENG"]
[BlackCountry "SCO"]
[WhiteElo "2207"]
[WhiteRD "67"]
[BlackElo "2472"]
[BlackRD "72"]
[GameID "463668"]

1. c4 e5 2. Nc3 Bb4 3. Nd5 Bc5 4. Nf3 e4 5. d4 Bf8 6. Nd2 f5 7. e3 c6 8. Nc3 d5 9. Be2 Be6 10. O-O Nf6
11. f3 Bd6 12. fxe4 fxe4 13. cxd5 cxd5 14. Nb5 Be7 15. Nb3 O-O 16. Nc5 Bc8 17. Bd2 b6 18. Na4 a6 19. Na3 Ra7 20. Qb3 b5
21. Nc5 Kh8 22. Nc2 Bd6 23. Rac1 Nc6 24. Nb4 Ne7 25. a3 Qe8 26. Rf2 a5 27. Nc2 Nf5 28. g3 Qg6 29. Rg2 Nxg3 30. hxg3 Bh3
31. Be1 Raf7 32. Qxb5 Bxg2 33. Kxg2 Bxg3 34. Bxg3 Nh5 35. Nxe4 Qxe4+ 36. Kh3 Nxg3 37. Qd3 Qe6+ 38. Bg4 Qh6+ 39. Kxg3 Rf2 40. Bf5 Qh2+
41. Kg4 Rg2+ 42. Kf3 Qg3#
0-1